| 000 | 01420nam a22003494a 4500 | ||
|---|---|---|---|
| 001 | ebr10040743 | ||
| 003 | CaPaEBR | ||
| 006 | m u | ||
| 007 | cr cn||||||||| | ||
| 008 | 020311s2002 ctua sb 001 0 eng | ||
| 010 | _z 2002025313 | ||
| 020 | _z0275977927 (alk. paper) | ||
| 040 |
_aCaPaEBR _cCaPaEBR |
||
| 035 | _a(OCoLC)614706261 | ||
| 050 | 1 | 4 |
_aGN671.N5 _bS776 2002eb |
| 082 | 0 | 4 |
_a306/.09953 _221 |
| 100 | 1 | _aStewart, Pamela J. | |
| 245 | 1 | 0 |
_aGender, song, and sensibility _h[electronic resource] : _bfolktales and folksongs in the highlands of New Guinea / _cPamela J. Stewart and Andrew Strathern. |
| 260 |
_aWestport, Conn. : _bPraeger, _c2002. |
||
| 300 |
_ax, 235 p. : _bill. |
||
| 504 | _aIncludes bibliographical references and index. | ||
| 533 |
_aElectronic reproduction. _bPalo Alto, Calif. : _cebrary, _d2013. _nAvailable via World Wide Web. _nAccess may be limited to ebrary affiliated libraries. |
||
| 650 | 0 |
_aEthnology _zPapua New Guinea. |
|
| 650 | 0 |
_aMan-woman relationships _zPapua New Guinea. |
|
| 650 | 0 |
_aTales _zPapua New Guinea. |
|
| 650 | 0 |
_aFolk songs _zPapua New Guinea. |
|
| 651 | 0 |
_aNew Guinea _xSocial life and customs. |
|
| 655 | 7 |
_aElectronic books. _2local |
|
| 700 | 1 | _aStrathern, Andrew. | |
| 710 | 2 | _aebrary, Inc. | |
| 856 | 4 | 0 |
_uhttp://site.ebrary.com/lib/rucke/Doc?id=10040743 _zAn electronic book accessible through the World Wide Web; click to view |
| 999 |
_c158016 _d158016 |
||